000 00437nam a22001697a 4500
005 20251119115002.0
008 251119b |||||||| |||| 00| 0 eng d
020 _a9781788825054
050 _aQM 25 .M43 2018
100 _aVIQUE JORDI
245 _aATLAS OF HUMAN ANATOMY
260 _aUNITED KINGDOM
_bED-TECH PRESS
_c2018
300 _aX,734
500 _aINCLUDES ONOMASTIC INDEX
650 _aHuman anatomy
942 _2lcc
_cBK
999 _c216210
_d216210